Информационные технологии в профессиональной деятельности: практикум
В учебном издании собраны практические рекомендации по созданию эффективного процесса использования информационных технологий, которые позволят сформировать базовые знания, профессиональные компетенции и практические навыки в использовании информационных технологий в профессиональной деятельности. И...
Сохранить в:
| Главный автор: | |
|---|---|
| Другие авторы: | |
| Формат: | Книга |
| Язык: | Russian |
| Опубликовано: |
Самара
СамГАУ
2022
|
| Online-ссылка: | https://e.lanbook.com/book/301976 https://e.lanbook.com/img/cover/book/301976.jpg |
| Метки: |
Добавить метку
Нет меток, Требуется 1-ая метка записи!
|
| LEADER | 02357nam0a2200277 i 4500 | ||
|---|---|---|---|
| 001 | 301976 | ||
| 003 | RuSpLAN | ||
| 005 | 20230127155118.0 | ||
| 008 | 230127s2022 ru gs 000 0 rus | ||
| 020 | |a 978-5-88575-691-4 | ||
| 040 | |a RuSpLAN | ||
| 041 | 0 | |a rus | |
| 044 | |a ru | ||
| 080 | |a 331.104 | ||
| 084 | |a 65.050 |2 rubbk | ||
| 245 | 0 | 0 | |a Информационные технологии в профессиональной деятельности: практикум |c Мамай И. Н.,Мамай О. В. |
| 260 | |a Самара |b СамГАУ |c 2022 | ||
| 300 | |a 135 с. | ||
| 504 | |a Библиогр.: доступна в карточке книги, на сайте ЭБС Лань | ||
| 520 | 8 | |a В учебном издании собраны практические рекомендации по созданию эффективного процесса использования информационных технологий, которые позволят сформировать базовые знания, профессиональные компетенции и практические навыки в использовании информационных технологий в профессиональной деятельности. Издание предназначено для студентов, обучающихся по направлению подготовки 38.03.04 «Государственное и муниципальное управление». Представляет теоретический и практический интерес для обучающихся всех ступеней высшего образования, преподавателей и специалистов, исследующих вопросы использования информационных технологий во всех сферах народного хозяйства, включая государственные и муниципальные органы власти. | |
| 521 | 8 | |a Книга из коллекции СамГАУ - Информатика | |
| 100 | 1 | |a Мамай И. Н. | |
| 700 | 1 | |a Мамай О. В. | |
| 856 | 4 | |u https://e.lanbook.com/book/301976 | |
| 856 | 4 | 8 | |u https://e.lanbook.com/img/cover/book/301976.jpg |
| 953 | |a https://e.lanbook.com/img/cover/book/301976.jpg | ||